| 000 | 00594nam a2200193Ia 4500 | ||
|---|---|---|---|
| 005 | 20250923145053.0 | ||
| 008 | 008 250917s9999 xx 000 0 eng d | ||
| 037 | _aTextual | ||
| 040 |
_aDSWL _beng _cDSWL |
||
| 041 |
_aeng _2eng |
||
| 084 |
_aY35:7:7.2'N6, K6 _qDSWL |
||
| 100 |
_aClinard, Marall B _9831479 |
||
| 245 | 0 |
_aSlums and community development : Experiments in self-help _cby Marall Clinard |
|
| 260 |
_aNew York _b The Free Press USA _c1966 |
||
| 365 |
_aUSD _b7.95 |
||
| 925 | _g7.95 | ||
| 942 |
_cTEXL _hY35:7:7.2'N6, K6 |
||
| 999 |
_c1446727 _d1446727 |
||